[Event "Eastern Asia-ch U12"]
[Site "Tornelo INT"]
[Date "2021.10.31"]
[Round "8"]
[White "Anup Kumar, Vihaan"]
[Black "Samarth, Razdan"]
[Result "0-1"]
[WhiteElo "1468"]
[BlackElo "1240"]
[PlyCount "130"]
[EventDate "2021.10.29"]
[EventType "swiss"]
[EventRounds "9"]
[EventCountry "NET"]
[SourceTitle "EXT 2023"]
[Source "ChessBase"]
[SourceDate "2022.10.05"]
[SourceVersion "1"]
[SourceVersionDate "2022.10.05"]
[SourceQuality "1"]

1. d4 Nf6 2. c4 g6 3. Nc3 Bg7 4. e4 d6 5. Bd3 0-0 6. Nge2 e5 7. d5 Nbd7 8. Ng3 a5 9. 0-0 Nc5 10. h3 Ne8 11. Be3 Nxd3 12. Qxd3 f5 13. f4 exf4 14. Bxf4 g5 15. Bd2 f4 16. Nge2 Qf6 17. Nd1 Qe7 18. Bc3 Nf6 19. Nf2 Re8 20. Bxf6 Qxf6 21. Nc3 Bd7 22. Rab1 Qd4 23. Qxd4 Bxd4 24. Kh1 Bxc3 25. bxc3 b6 26. Rfe1 Re7 27. Rb2 Rae8 28. Rbe2 Bc8 29. Nd3 Ba6 30. e5 dxe5 31. Rxe5 Rxe5 32. Rxe5 Rxe5 33. Nxe5 Kg7 34. a3 Kf6 35. Nd7+ Kf5 36. c5 bxc5 37. Nxc5 Bc4 38. Ne6 Bxd5 39. Nxc7 Bc6 40. Na6 Ke5 41. Nc5 Kd5 42. Nb3 a4 43. Nd4 Bd7 44. Nc2 Kc4 45. Nb4 Be6 46. Na6 Kxc3 47. Nc5 Bb3 48. Nxa4+ Bxa4 49. Kg1 Kd2 50. Kf2 Bc6 51. g3 f3 52. a4 Kd3 53. a5 Ke4 54. a6 Ba8 55. a7 Bc6 56. h4 g4 57. h5 h6 58. Ke1 Ke3 59. Kf1 f2 60. a8B Bb5+ 61. Kg2 f1Q+ 62. Kh2 Qh3+ 63. Kg1 Qxg3+ 64. Kh1 Kf2 65. Bf3 Qg1# 0-1